000 00400nam a2200145Ia 4500
008 191206s9999 xx 000 0 und d
020 _a198605145
090 _aDA34.O93
245 0 _aOxford companion to British history
250 _aRev. ed.
260 _aOxford University Press
260 _cc2002
300 _a"xiv, 1042 p. : geneal. tables, maps ; 25 cm."
999 _c16636
_d16636